Music Quiz

Random Music or Rock Quiz

Clicky-oke: Lithium by Nirvana Quiz Stats

 Plays Quiz not verified by Sporcle

Score 0/38 Timer 05:00
0 Plays Today
% Correct
because today
88.3%
They're in my head
86.9%
'cause so are you
85.1%
found God
83.2%
our mirrors
82.8%
'cause so are you
82.4%
found God
81.4%
Yeah, yeah Yeah, yeah
81.2%
I'm not gonna crack
80%
I'm not gonna crack
80%
I'm not gonna crack
80%
I'm not gonna crack
79.8%
I'm not gonna crack
79%
I'm not gonna crack
78.8%
I'm not gonna crack
78.6%
I'm not gonna crack
78.4%
I'm not gonna crack
78.2%
I'm not gonna crack
78%
Yeah, yeah Yeah, yeah
77.6%
% Correct
because today
77.6%
I'm not gonna crack
77.6%
I'm not gonna crack
77.4%
for all I care
77.2%
our mirrors
76.4%
They're in my head
76.4%
Yeah, yeah Yeah, yeah
76%
for all I care
74.9%
in a daze
74.9%
in a daze
73.5%
not scared
71.7%
not scared
68.9%
don't care
65.1%
My will is good
63.4%
for all I've heard
61%
not sure
56.4%
I can't wait to meet you there
56.4%
not sad
53.7%
I shaved my head
44%

You're not logged in!

Compare scores with friends on all Sporcle quizzes.
OR
Log In

Sporcle TV

Today on Sporcle TV


Watch our educational content, quiz creation guides, and fun videos on Sporcle TV.

Show Comments

Extras

Top Quizzes Today


Score Distribution

Your Account Isn't Verified!

In order to create a playlist on Sporcle, you need to verify the email address you used during registration. Go to your Sporcle Settings to finish the process.

Report this User

Report this user for behavior that violates our Community Guidelines.

Details: